Pension and inflation (Record no. 5705)
[ view plain ]
| 000 -LEADER | |
|---|---|
| fixed length control field | 00371nam a2200133Ia 4500 |
| 008 - FIXED-LENGTH DATA ELEMENTS--GENERAL INFORMATION | |
| fixed length control field | 150509s9999 xx 000 0 und d |
| 082 ## - DEWEY DECIMAL CLASSIFICATION NUMBER | |
| Classification number | 331.252 PEN |
| 245 ## - TITLE STATEMENT | |
| Title | Pension and inflation |
| 260 ## - PUBLICATION, DISTRIBUTION, ETC. | |
| Place of publication, distribution, etc. | Geneva: |
| 260 ## - PUBLICATION, DISTRIBUTION, ETC. | |
| Name of publisher, distributor, etc. | ILO |
| 260 ## - PUBLICATION, DISTRIBUTION, ETC. | |
| Date of publication, distribution, etc. | 1977 |
| 300 ## - PHYSICAL DESCRIPTION | |
| Extent | xi, 136p. :ill. ;24cm |
| 650 ## - SUBJECT ADDED ENTRY--TOPICAL TERM | |
| Topical term or geographic name entry element | Pensions - addresses, essays, lecturesInflation (finance) - addresses, lectures |
| Withdrawn status | Lost status | Source of classification or shelving scheme | Damaged status | Not for loan | Home library | Current library | Shelving location | Date acquired | Total Checkouts | Full call number | Barcode | Date last seen | Price effective from | Koha item type |
|---|---|---|---|---|---|---|---|---|---|---|---|---|---|---|
| Withdrawn | Dewey Decimal Classification | IFM Main Campus Library | IFM Main Campus Library | Archival Collection | 05/15/2015 | 331.252 PEN | 0000009302 | 05/15/2015 | 05/15/2015 | Books | ||||
| Withdrawn | Dewey Decimal Classification | IFM Main Campus Library | IFM Main Campus Library | Archival Collection | 01/22/2016 | 331.252 PEN | 0000009301 | 01/22/2016 | 01/22/2016 | Books | ||||
| Withdrawn | Dewey Decimal Classification | IFM Main Campus Library | IFM Main Campus Library | Archival Collection | 01/22/2016 | 331.252 PEN | 0000009303 | 01/22/2016 | 01/22/2016 | Books | ||||
| Dewey Decimal Classification | IFM Main Campus Library | IFM Main Campus Library | 01/22/2016 | 331.252 PEN | 0000009299 | 01/22/2016 | 01/22/2016 | Books |
